[Event "CHN-ch"]
[Site "Xinghua"]
[Date "2025.07.01"]
[Round "9"]
[White "Xu, Yinglun"]
[Black "Yang, Zilong"]
[Result "0-1"]
[WhiteElo "2530"]
[BlackElo "2372"]
[PlyCount "118"]
[EventDate "2025.06.23"]
[EventType "swiss"]
[EventRounds "11"]
[EventCountry "CHN"]
[SourceTitle "CB28_2025"]
[SourceDate "2025.07.09"]
[SourceVersion "1"]
[SourceVersionDate "2025.07.09"]
[SourceQuality "1"]

1. d4 Nf6 2. c4 e6 3. Nf3 c5 4. e3 d5 5. Nc3 Nc6 6. cxd5 exd5 7. Bb5 Be7 8. 0-0 0-0 9. dxc5 Bxc5 10. b3 Bg4 11. Bb2 Rc8 12. Rc1 Bd6 13. Be2 a6 14. Nd4 Bxe2 15. Ncxe2 Re8 16. Nf3 Ne4 17. Ng3 Bf8 18. Qd3 Nb4 19. Qb1 Rxc1 20. Rxc1 Qd7 21. Rd1 Qe6 22. a3 Nc6 23. b4 Bd6 24. Qd3 Bxg3 25. hxg3 h6 26. b5 axb5 27. Qxb5 Rd8 28. Ba1 Qe7 29. Qb2 f6 30. Nh4 Qf7 31. Qb5 Qh5 32. Rc1 Qf7 33. Nf5 Qd7 34. g4 h5 35. f3 Ng5 36. Qa4 Re8 37. Rd1 Qe6 38. Qf4 hxg4 39. Qxg4 Ne7 40. Nxe7+ Rxe7 41. Qxe6+ Rxe6 42. Kf2 Ra6 43. Bb2 Ra5 44. Rc1 Ne6 45. Rc8+ Kh7 46. Rb8 Rb5 47. Bc3 Rb3 48. Bb4 d4 49. e4 Rb2+ 50. Kg3 g5 51. Kg4 d3 52. g3 Nd4 53. Rxb7+ Kg6 54. Rd7 Nc6 55. Bc3 Rb3 56. Bxf6 Kxf6 57. Rd6+ Ke7 58. Rd5 Rxa3 59. Kxg5 Ra5 0-1

[Event "CHN-ch"]
[Site "Xinghua"]
[Date "2025.06.29"]
[Round "7"]
[White "Xu, Yinglun"]
[Black "Zhang, Ziji"]
[Result "1/2-1/2"]
[WhiteElo "2530"]
[BlackElo "2361"]
[PlyCount "100"]
[EventDate "2025.06.23"]
[EventType "swiss"]
[EventRounds "11"]
[EventCountry "CHN"]
[SourceTitle "CB28_2025"]
[SourceDate "2025.07.09"]
[SourceVersion "1"]
[SourceVersionDate "2025.07.09"]
[SourceQuality "1"]

1. c4 c6 2. Nf3 d5 3. d4 Nf6 4. e3 Bf5 5. Nc3 e6 6. Nh4 Bg6 7. Be2 Nbd7 8. 0-0 Bd6 9. g3 0-0 10. Nxg6 hxg6 11. Qc2 dxc4 12. Bxc4 c5 13. Be2 cxd4 14. exd4 Nb6 15. Bf3 Qd7 16. Qb3 Be7 17. a4 Nbd5 18. a5 Rac8 19. Bg5 Nxc3 20. bxc3 Ne4 21. Bxe4 Bxg5 22. Bxb7 Rc7 23. a6 Bd2 24. d5 exd5 25. Rad1 Bxc3 26. Rxd5 Qe6 27. Rfd1 Ba5 28. Qb5 Bc3 29. Rd7 Rxd7 30. Rxd7 Qe1+ 31. Kg2 Ba5 32. Bd5 Bb6 33. Qb2 Qe8 34. Rb7 Qd8 35. Qb3 Bd4 36. Bxf7+ Kh7 37. Qe6 Qg5 38. Rd7 Bb6 39. f4 Qf5 40. Qxf5 gxf5 41. h4 g6 42. Rb7 Bc5 43. Kf3 Kh6 44. Rd7 Bb6 45. Rb7 Bc5 46. Ke2 Kh5 47. Kf1 Kg4 48. Kg2 Rd8 49. Rb3 Rd2+ 50. Kf1 Rf2+ 1/2-1/2

[Event "CHN-ch"]
[Site "Xinghua"]
[Date "2025.06.27"]
[Round "5"]
[White "Xu, Yinglun"]
[Black "Yuan, Qingyu"]
[Result "1/2-1/2"]
[WhiteElo "2530"]
[BlackElo "2347"]
[PlyCount "61"]
[EventDate "2025.06.23"]
[EventType "swiss"]
[EventRounds "11"]
[EventCountry "CHN"]
[SourceTitle "CB28_2025"]
[SourceDate "2025.07.09"]
[SourceVersion "1"]
[SourceVersionDate "2025.07.09"]
[SourceQuality "1"]

1. c4 e6 2. Nc3 d5 3. d4 Nf6 4. cxd5 exd5 5. Bg5 c6 6. e3 h6 7. Bh4 Be7 8. Bd3 0-0 9. Qc2 Re8 10. Nge2 Nbd7 11. 0-0 Nh5 12. Bxe7 Qxe7 13. a3 a5 14. Rae1 Nhf6 15. Ng3 Nf8 16. h3 h5 17. e4 dxe4 18. Ncxe4 Be6 19. Nxf6+ Qxf6 20. Nxh5 Qxd4 21. Re4 Qd5 22. Nf4 Qg5 23. h4 Qf6 24. g3 Bd7 25. Qb3 Rxe4 26. Bxe4 Re8 27. Bg2 Bc8 28. Qb6 Nd7 29. Qb3 Nc5 30. Qb6 Nd7 31. Qb3 1/2-1/2

[Event "CHN-chT"]
[Site "Hebei"]
[Date "2025.04.26"]
[Round "2.1"]
[White "Xu, Yinglun"]
[Black "Dai, Changren"]
[Result "1/2-1/2"]
[WhiteElo "2522"]
[BlackElo "2527"]
[PlyCount "61"]
[EventDate "2025.04.25"]
[EventType "team-swiss"]
[EventRounds "9"]
[EventCountry "CHN"]
[SourceTitle "CB20_2025"]
[SourceDate "2025.05.14"]
[SourceVersion "1"]
[SourceVersionDate "2025.05.14"]
[SourceQuality "1"]
[WhiteTeam "Guangdong"]
[BlackTeam "Tianjin"]
[WhiteTeamCountry "CHN"]
[BlackTeamCountry "CHN"]

1. d4 Nf6 2. c4 e6 3. Nc3 Bb4 4. Qc2 0-0 5. e4 d5 6. e5 Ne4 7. Bd3 c5 8. Nge2 cxd4 9. Nxd4 Nd7 10. Bf4 Qh4 11. g3 Qh5 12. 0-0 g5 13. cxd5 Bxc3 14. bxc3 exd5 15. Be3 Nxe5 16. f3 Nc5 17. Bf5 Ne6 18. g4 Qh6 19. Rae1 Nxd4 20. Bxd4 Nc6 21. Be3 Bxf5 22. Qxf5 Qg6 23. Qxg5 Qxg5 24. Bxg5 f6 25. Be3 Kf7 26. Kf2 Rac8 27. Rb1 b6 28. Rfd1 Ne7 29. Rb3 Rc4 30. Ra3 Rc7 31. Bf4 1/2-1/2

[Event "China zt 3.5"]
[Site "Jiangxi"]
[Date "2025.03.29"]
[Round "8"]
[White "Xu, Yinglun"]
[Black "Zhang, Di"]
[Result "1/2-1/2"]
[WhiteElo "2522"]
[BlackElo "2406"]
[PlyCount "67"]
[EventDate "2025.03.22"]
[EventType "swiss"]
[EventRounds "9"]
[EventCountry "CHN"]
[SourceTitle "CB14_2025"]
[SourceDate "2024.11.01"]
[SourceVersion "1"]
[SourceVersionDate "2024.11.01"]
[SourceQuality "1"]

1. c4 e6 2. Nc3 d5 3. d4 Nf6 4. Nf3 Bb4 5. e3 0-0 6. Bd3 c5 7. cxd5 exd5 8. dxc5 Nc6 9. 0-0 Bxc5 10. b3 Bg4 11. Be2 Qd6 12. Bb2 Rad8 13. Nb5 Qe7 14. Rc1 Ne4 15. Nfd4 Bd7 16. Nxc6 bxc6 17. Nd4 Qd6 18. Bd3 Bb6 19. Qc2 Rfe8 20. Rfd1 Qh6 21. Bxe4 dxe4 22. Ne2 Bc7 23. Ng3 Qg6 24. Rd4 h5 25. Rxe4 Rxe4 26. Qxe4 Qxe4 27. Nxe4 Bf5 28. Ng5 Rd2 29. Bd4 Bb6 30. h4 Bxd4 31. exd4 f6 32. Nf3 Rxa2 33. Rxc6 Be4 34. Rc3 1/2-1/2

[Event "China zt 3.5"]
[Site "Jiangxi"]
[Date "2025.03.26"]
[Round "5"]
[White "Nie, Xinyang"]
[Black "Xu, Yinglun"]
[Result "1/2-1/2"]
[WhiteElo "2373"]
[BlackElo "2522"]
[PlyCount "40"]
[EventDate "2025.03.22"]
[EventType "swiss"]
[EventRounds "9"]
[EventCountry "CHN"]
[SourceTitle "CB14_2025"]
[SourceDate "2024.11.01"]
[SourceVersion "1"]
[SourceVersionDate "2024.11.01"]
[SourceQuality "1"]

1. d4 Nf6 2. c4 e6 3. Nf3 d5 4. Nc3 Nbd7 5. Bg5 c6 6. e3 Qa5 7. Nd2 Bb4 8. Qc2 dxc4 9. Bxf6 Nxf6 10. Nxc4 Qc7 11. Be2 0-0 12. 0-0 b6 13. Rac1 Bb7 14. Bf3 Rac8 15. Ne4 Be7 16. Nxf6+ Bxf6 17. b4 Rfd8 18. Rfd1 Qb8 19. Qb3 h6 20. h3 Rc7 1/2-1/2

[Event "China zt 3.5"]
[Site "Jiangxi"]
[Date "2025.03.23"]
[Round "2"]
[White "Chen, Yuan"]
[Black "Xu, Yinglun"]
[Result "0-1"]
[WhiteElo "2286"]
[BlackElo "2522"]
[PlyCount "48"]
[EventDate "2025.03.22"]
[EventType "swiss"]
[EventRounds "9"]
[EventCountry "CHN"]
[SourceTitle "CB14_2025"]
[SourceDate "2024.11.01"]
[SourceVersion "1"]
[SourceVersionDate "2024.11.01"]
[SourceQuality "1"]

1. d4 Nf6 2. c4 e6 3. Nf3 d5 4. g3 dxc4 5. Bg2 Bb4+ 6. Bd2 a5 7. Qc2 c5 8. dxc5 Bxc5 9. Qxc4 Nbd7 10. 0-0 b5 11. Qxb5 Ba6 12. Qc6 Bxe2 13. Re1 Ra6 14. Qa4 Bxf3 15. Bxf3 Qb6 16. Rf1 0-0 17. Bc3 Bb4 18. Bxf6 Nxf6 19. Na3 e5 20. Nc4 Qe6 21. a3 e4 22. axb4 exf3 23. Ne3 Qh3 24. bxa5 Ne4 0-1

[Event "TCh-CHN Div A Finals"]
[Site "Shaoxing"]
[Date "2024.12.05"]
[Round "2.2"]
[White "Huang, Renjie"]
[Black "Xu, Yinglun"]
[Result "1/2-1/2"]
[WhiteElo "2479"]
[BlackElo "2523"]
[PlyCount "61"]
[EventDate "2024.12.02"]
[EventType "team-k.o."]
[EventRounds "4"]
[EventCountry "CHN"]
[SourceTitle "CB50_2024"]
[SourceDate "2024.11.01"]
[SourceVersion "1"]
[SourceVersionDate "2024.11.01"]
[SourceQuality "2"]
[WhiteTeam "Shandong"]
[BlackTeam "Guangdong"]
[WhiteTeamCountry "CHN"]
[BlackTeamCountry "CHN"]

1. e4 c5 2. Nf3 d6 3. d4 cxd4 4. Nxd4 Nf6 5. Nc3 a6 6. Be2 e6 7. g4 d5 8. exd5 Nxd5 9. Nxd5 Qxd5 10. Bf3 Qc4 11. Bf4 Be7 12. c3 Nc6 13. Qe2 Qxe2+ 14. Kxe2 Bd7 15. Nxc6 Bxc6 16. Bxc6+ bxc6 17. Rad1 Rd8 18. Rxd8+ Kxd8 19. Rd1+ Kc8 20. Rd3 g5 21. Be5 f6 22. Bd6 Kd7 23. Bg3+ Kc8 24. Re3 Kd7 25. Rd3+ Kc8 26. h3 h5 27. Bd6 Kd7 28. Bg3+ Kc8 29. Bd6 Kd7 30. Bg3+ Kc8 31. Bd6 1/2-1/2

[Event "Belt and Road op-A"]
[Site "Aksu"]
[Date "2024.10.21"]
[Round "7"]
[White "Xu, Yinglun"]
[Black "Ganerdene, Sugar"]
[Result "1/2-1/2"]
[WhiteElo "2530"]
[BlackElo "2434"]
[PlyCount "122"]
[EventDate "2024.10.16"]
[EventType "swiss"]
[EventRounds "9"]
[EventCountry "CHN"]
[SourceTitle "CB43_2024"]
[Source "Chessbase"]
[SourceDate "2024.10.23"]
[SourceVersion "1"]
[SourceVersionDate "2024.10.23"]
[SourceQuality "1"]

1. Nf3 Nf6 2. c4 e6 3. b3 d5 4. Bb2 Bd6 5. g3 0-0 6. Bg2 b6 7. 0-0 Bb7 8. cxd5 exd5 9. Nc3 a6 10. e3 Nbd7 11. Rc1 Re8 12. d3 c5 13. d4 Rc8 14. Nh4 cxd4 15. Qxd4 Be5 16. Qd2 Nc5 17. Rfd1 Qd7 18. Nf3 Bxc3 19. Qxc3 Na4 20. Qd4 Nxb2 21. Qxb2 Rxc1 22. Rxc1 Rc8 23. Rd1 Qe7 24. Nd4 Rc5 25. a4 Bc8 26. b4 Rc4 27. Bf1 Qxb4 28. Rb1 Qxb2 29. Rxb2 Rxa4 30. Rxb6 Bd7 31. Bxa6 Kf8 32. Kg2 Ra2 33. Be2 Ne4 34. Rb7 Ke8 35. h3 h5 36. Rc7 g6 37. h4 Kd8 38. Rc1 Ke7 39. Rc2 Rxc2 40. Nxc2 Kd6 41. f3 Nf6 42. Kf2 Ba4 43. Nd4 Ke5 44. Ke1 Kd6 45. Kd2 Kc5 46. Kc3 Ne8 47. Kd2 Nf6 48. Bd3 Kd6 49. Bb1 Nd7 50. Ba2 Nf6 51. Ne2 Bb5 52. Nf4 Kc5 53. Kc3 Ba6 54. Nh3 Nh7 55. Bb3 Bb5 56. Ba2 Ba6 57. e4 Bb7 58. Nf4 dxe4 59. fxe4 Bxe4 60. Bxf7 Nf8 61. Bc4 Bf5 1/2-1/2

[Event "Belt and Road op-A"]
[Site "Aksu"]
[Date "2024.10.19"]
[Round "6"]
[White "Meng, Yihan"]
[Black "Xu, Yinglun"]
[Result "1-0"]
[WhiteElo "2370"]
[BlackElo "2530"]
[PlyCount "69"]
[EventDate "2024.10.16"]
[EventType "swiss"]
[EventRounds "9"]
[EventCountry "CHN"]
[SourceTitle "CB43_2024"]
[Source "Chessbase"]
[SourceDate "2024.10.23"]
[SourceVersion "1"]
[SourceVersionDate "2024.10.23"]
[SourceQuality "1"]

1. e4 e6 2. d4 d5 3. Nc3 Nf6 4. e5 Nfd7 5. f4 c5 6. Nf3 Nc6 7. Be3 a6 8. Qd2 b5 9. h4 b4 10. Na4 cxd4 11. Nxd4 Bb7 12. Nb3 Be7 13. h5 Qc7 14. 0-0-0 Na5 15. Qf2 0-0 16. Kb1 Nc4 17. Bxc4 dxc4 18. Nbc5 Nxc5 19. Bxc5 b3 20. axb3 cxb3 21. cxb3 Bxc5 22. Nxc5 Bd5 23. h6 g6 24. Rc1 f6 25. Qe3 Qf7 26. Rhe1 Bxg2 27. exf6 Bd5 28. Ka1 a5 29. Qe5 Rac8 30. Rc3 Rc6 31. Rec1 Rcc8 32. Nd7 Rxc3 33. Rxc3 Rd8 34. Nb6 Rf8 35. Nxd5 1-0

[Event "Belt and Road op-A"]
[Site "Aksu"]
[Date "2024.10.18"]
[Round "4"]
[White "Xu, Yinglun"]
[Black "Gusain, Himal"]
[Result "1/2-1/2"]
[WhiteElo "2530"]
[BlackElo "2522"]
[PlyCount "76"]
[EventDate "2024.10.16"]
[EventType "swiss"]
[EventRounds "9"]
[EventCountry "CHN"]
[SourceTitle "CB43_2024"]
[Source "Chessbase"]
[SourceDate "2024.10.23"]
[SourceVersion "1"]
[SourceVersionDate "2024.10.23"]
[SourceQuality "1"]

1. c4 e6 2. Nc3 d5 3. d4 c6 4. e4 dxe4 5. Nxe4 Bb4+ 6. Bd2 Qxd4 7. Bxb4 Qxe4+ 8. Be2 a5 9. Bd6 Nh6 10. Qd2 Nf5 11. Bxb8 Rxb8 12. Nf3 0-0 13. 0-0 c5 14. Bd3 Qc6 15. Bxf5 exf5 16. Qxa5 b6 17. Qc3 Bb7 18. Rfe1 Rfe8 19. Rxe8+ Rxe8 20. Re1 Re4 21. b3 h6 22. h3 Qd6 23. Kf1 Kh7 24. Qc2 Qe7 25. Qd3 g5 26. Rd1 Kg7 27. Qd7 g4 28. Qxe7 Rxe7 29. Ne1 Kf6 30. Rd6+ Re6 31. Rxe6+ fxe6 32. hxg4 fxg4 33. Ke2 Kf5 34. Ke3 g3 35. fxg3 Kg4 36. Kf2 Kf5 37. Nd3 Be4 38. Nb2 Bc6 1/2-1/2

[Event "Belt and Road op-A"]
[Site "Aksu"]
[Date "2024.10.16"]
[Round "1"]
[White "Xu, Yinglun"]
[Black "Chen, Yuan1"]
[Result "1-0"]
[WhiteElo "2530"]
[BlackElo "2355"]
[PlyCount "105"]
[EventDate "2024.10.16"]
[EventType "swiss"]
[EventRounds "9"]
[EventCountry "CHN"]
[SourceTitle "CB43_2024"]
[Source "Chessbase"]
[SourceDate "2024.10.23"]
[SourceVersion "1"]
[SourceVersionDate "2024.10.23"]
[SourceQuality "1"]

1. c4 Nf6 2. Nc3 e5 3. Nf3 Nc6 4. d3 d5 5. cxd5 Nxd5 6. g3 Be7 7. Bg2 0-0 8. 0-0 Be6 9. Bd2 f6 10. Rc1 Ncb4 11. d4 exd4 12. Nxd4 Bf7 13. Nxd5 Nxd5 14. Ba5 Bb4 15. Nb3 Bxa5 16. Nxa5 Rb8 17. e4 c6 18. Nxc6 bxc6 19. exd5 cxd5 20. b3 Qa5 21. Qc2 Rbd8 22. Rfd1 Rfe8 23. Qb2 d4 24. Bc6 Rf8 25. Rxd4 Rxd4 26. Qxd4 Qxa2 27. b4 a6 28. Bb7 h5 29. Ra1 Qc4 30. Qxc4 Bxc4 31. Bxa6 Bxa6 32. Rxa6 Rb8 33. Ra4 Rc8 34. Kg2 Rc3 35. Ra7 Rb3 36. Rb7 Kh7 37. Kf1 Rb2 38. b5 Kg6 39. b6 Kh7 40. Ke1 Kg6 41. h3 Kh7 42. Kd1 Rxf2 43. Rd7 Rb2 44. b7 Kh6 45. Kc1 Rb6 46. Kc2 g5 47. Kc3 g4 48. hxg4 hxg4 49. Kc4 Kg6 50. Kc5 Rb3 51. Kc6 f5 52. Rd5 f4 53. Rb5 1-0

[Event "CHN-chT Div-A"]
[Site "Fuling"]
[Date "2024.06.28"]
[Round "3.1"]
[White "Xu, Yinglun"]
[Black "Wang, Yue"]
[Result "1/2-1/2"]
[WhiteElo "2526"]
[BlackElo "2652"]
[PlyCount "60"]
[EventDate "2024.06.26"]
[EventType "team-swiss"]
[EventRounds "11"]
[EventCountry "CHN"]
[SourceTitle "CBM 221 Extra"]
[Source "ChessBase"]
[SourceDate "2024.09.30"]
[SourceVersion "1"]
[SourceVersionDate "2024.09.30"]
[SourceQuality "1"]
[WhiteTeam "Guangdong"]
[BlackTeam "Tianjin"]
[WhiteTeamCountry "CHN"]
[BlackTeamCountry "CHN"]

1. c4 Nf6 2. Nf3 e6 3. b3 b6 4. g3 Bb7 5. Bg2 Be7 6. Bb2 c5 7. 0-0 0-0 8. Nc3 d5 9. cxd5 Nxd5 10. d4 Nxc3 11. Bxc3 cxd4 12. Qxd4 Qxd4 13. Nxd4 Bxg2 14. Kxg2 Rc8 15. Rac1 Nc6 16. Nxc6 Rxc6 17. Bb2 Rac8 18. Rxc6 Rxc6 19. Rc1 Rxc1 20. Bxc1 Kf8 21. Kf3 Ke8 22. Ke4 Kd7 23. g4 g6 24. Kd3 b5 25. e4 a6 26. h3 Kc6 27. f3 Bf6 28. Be3 Be7 29. Bc1 Bf6 30. Be3 Be7 1/2-1/2

[Event "CHN-ch"]
[Site "Xinghua"]
[Date "2024.05.15"]
[Round "10"]
[White "Xu, Yinglun"]
[Black "Dai, Changren"]
[Result "1/2-1/2"]
[WhiteElo "2522"]
[BlackElo "2510"]
[PlyCount "60"]
[EventDate "2024.05.06"]
[EventType "tourn"]
[EventRounds "11"]
[EventCountry "CHN"]
[EventCategory "11"]
[SourceTitle "CBM 220 Extra"]
[Source "ChessBase"]
[SourceDate "2024.07.31"]
[SourceVersion "1"]
[SourceVersionDate "2024.07.31"]
[SourceQuality "1"]

1. c4 Nf6 2. Nc3 e6 3. Nf3 d5 4. d4 Be7 5. Bf4 0-0 6. e3 Nbd7 7. c5 Ne4 8. Rc1 c6 9. Nxe4 dxe4 10. Ne5 Nxe5 11. Bxe5 f6 12. Bg3 Qa5+ 13. Qd2 Qxd2+ 14. Kxd2 Rd8 15. Kc3 e5 16. Bc4+ Kf8 17. dxe5 Bxc5 18. exf6 gxf6 19. b4 Be7 20. Rhd1 Bg4 21. Rxd8+ Rxd8 22. a4 b6 23. a5 b5 24. Bb3 c5 25. bxc5 Bxc5 26. Kb2 Rd2+ 27. Kc3 Rd3+ 28. Kb2 Rd2+ 29. Kc3 Rd3+ 30. Kb2 Rd2+ 1/2-1/2

[Event "CHN-ch"]
[Site "Xinghua"]
[Date "2024.05.14"]
[Round "9"]
[White "Zeng, Chongsheng"]
[Black "Xu, Yinglun"]
[Result "1-0"]
[WhiteElo "2590"]
[BlackElo "2522"]
[PlyCount "185"]
[EventDate "2024.05.06"]
[EventType "tourn"]
[EventRounds "11"]
[EventCountry "CHN"]
[EventCategory "11"]
[SourceTitle "CBM 220 Extra"]
[Source "ChessBase"]
[SourceDate "2024.07.31"]
[SourceVersion "1"]
[SourceVersionDate "2024.07.31"]
[SourceQuality "1"]

1. e4 c5 2. Nf3 d6 3. d4 cxd4 4. Nxd4 Nf6 5. Bc4 e6 6. Bd3 a6 7. c4 Be7 8. Nc3 0-0 9. 0-0 Nbd7 10. Nf3 b6 11. Qe2 Bb7 12. Rd1 Qc7 13. Bf4 Ng4 14. Rac1 Rfd8 15. Bb1 Rac8 16. b3 Qb8 17. Bg3 Nge5 18. Nd4 Nc6 19. Nf3 Nce5 20. Nd2 Ng6 21. Nf1 Bc6 22. Ne3 Nc5 23. f3 Bg5 24. Qf2 Bf4 25. b4 Na4 26. Ne2 Be5 27. Nd4 Bxg3 28. Qxg3 b5 29. c5 Be8 30. Nb3 dxc5 31. Rxd8 Rxd8 32. Qxb8 Rxb8 33. Nxc5 Rc8 34. Nd3 Rxc1+ 35. Nxc1 Ne5 36. Bc2 Nb6 37. Nb3 Nc6 38. a3 Nc4 39. Nxc4 bxc4 40. Nc1 Nd4 41. Bd1 Kf8 42. Na2 e5 43. Kf2 Ke7 44. Ke3 f5 45. Nc3 f4+ 46. Kd2 Kd6 47. Nb1 g5 48. Kc3 h5 49. a4 g4 50. Nd2 gxf3 51. Nxf3 Nxf3 52. gxf3 h4 53. Kxc4 Bf7+ 54. Kc3 Kc6 55. Be2 Kb7 56. Bd1 Kc7 57. Kd2 Be8 58. Bb3 Kb6 59. Kd3 Bd7 60. Kc3 Be8 61. Bd1 Bd7 62. Bc2 Be8 63. Kd2 Bd7 64. Kd3 Be8 65. Kc3 Bd7 66. Kb3 Be6+ 67. Kb2 Bc4 68. Bd1 Be6 69. Be2 Bd7 70. Kb3 Be6+ 71. Kc3 Bd7 72. a5+ Kb7 73. b5 axb5 74. Kb4 Ka6 75. Kc5 Kxa5 76. Kd6 Bc8 77. Kxe5 b4 78. Kxf4 b3 79. Ke3 Kb4 80. Kd4 b2 81. Bd3 Ba6 82. Bb1 Be2 83. f4 Kb3 84. f5 Bd1 85. f6 Bh5 86. e5 Bf7 87. Kc5 Kc3 88. Kd6 Bb3 89. e6 Bc2 90. e7 Bxb1 91. e8Q Ba2 92. Qe1+ Kc2 93. Qxh4 1-0

[Event "CHN-chT"]
[Site "Qingdao"]
[Date "2024.04.10"]
[Round "9.1"]
[White "Li, Chao B"]
[Black "Xu, Yinglun"]
[Result "1/2-1/2"]
[WhiteElo "2651"]
[BlackElo "2515"]
[PlyCount "74"]
[EventDate "2024.04.02"]
[EventType "team-swiss"]
[EventRounds "9"]
[EventCountry "CHN"]
[SourceTitle "CBM 219 Extra"]
[Source "ChessBase"]
[SourceDate "2024.05.31"]
[SourceVersion "1"]
[SourceVersionDate "2024.05.31"]
[SourceQuality "1"]
[WhiteTeam "Beijing"]
[BlackTeam "Guangdong"]
[WhiteTeamCountry "CHN"]
[BlackTeamCountry "CHN"]

1. e4 e5 2. Nf3 Nc6 3. Bb5 a6 4. Ba4 Nf6 5. 0-0 Nxe4 6. d4 b5 7. Bb3 d5 8. dxe5 Be6 9. c3 Be7 10. Qe2 0-0 11. Rd1 Re8 12. Bc2 f5 13. exf6 Bxf6 14. Bxe4 Bf7 15. Bxh7+ Kxh7 16. Be3 Bg6 17. Nbd2 d4 18. cxd4 Nxd4 19. Qf1 Nc2 20. Ne4 Qe7 21. Nxf6+ Qxf6 22. Bd4 Nxd4 23. Rxd4 c5 24. Rh4+ Kg8 25. Qc1 Rad8 26. a4 Rd3 27. Rf4 Qd6 28. axb5 axb5 29. g3 Bh5 30. g4 Bxg4 31. Rxg4 Rxf3 32. Ra7 Re7 33. Rxe7 Qxe7 34. Rg5 Rd3 35. Rxc5 Qe4 36. Rg5 Qf3 37. Qc8+ Kh7 1/2-1/2

[Event "CHN-chT"]
[Site "Qingdao"]
[Date "2024.04.02"]
[Round "1.1"]
[White "Shen, Siyuan"]
[Black "Xu, Yinglun"]
[Result "0-1"]
[WhiteElo "2284"]
[BlackElo "2515"]
[PlyCount "62"]
[EventDate "2024.04.02"]
[EventType "team-swiss"]
[EventRounds "9"]
[EventCountry "CHN"]
[SourceTitle "CBM 219 Extra"]
[Source "ChessBase"]
[SourceDate "2024.05.31"]
[SourceVersion "1"]
[SourceVersionDate "2024.05.31"]
[SourceQuality "1"]
[WhiteTeam "Ningbo"]
[BlackTeam "Guangdong"]
[WhiteTeamCountry "CHN"]
[BlackTeamCountry "CHN"]

1. Nf3 Nf6 2. g3 b5 3. Bg2 Bb7 4. 0-0 e6 5. d3 d6 6. c4 bxc4 7. dxc4 Be7 8. Nc3 0-0 9. Qc2 c5 10. Rd1 Qb6 11. h3 Nc6 12. Be3 Rfd8 13. Rab1 Rab8 14. Qc1 a5 15. b3 Rbc8 16. Rb2 h6 17. Kh2 Bf8 18. a3 Qa6 19. Rbd2 Ne7 20. g4 d5 21. g5 hxg5 22. Bxg5 d4 23. Bxf6 gxf6 24. Na4 Ng6 25. Rg1 Bh6 26. e3 Kh7 27. Rdd1 Qa8 28. Ne1 Qb8+ 29. Kh1 dxe3 30. Rxd8 Rxd8 31. fxe3 Qg3 0-1